000 00829nam a2200241Ia 4500
003 GCL
008 140319s9999 xx 000 0 ara d
040 _aGCL /
_cGCL
082 0 4 _aد
_b050
_bد هـ
245 1 0 _aالهلال سبتمبر 2003 : الماس والحروب الاهلية فى افريقيا
260 _aالقاهرة :
_bدار الهلال للطباعة والنشر ،
_c2003
650 0 4 _aالولايات المتحدة الامريكية
650 0 4 _aنجيب محفوظ
650 0 4 _aطه حسين
650 0 4 _aالمثقفون
650 0 4 _aالغباء
650 0 4 _aالماس
650 0 4 _aالحروب الاهلية
650 0 4 _aالإنترنت
650 0 4 _aالاسلام والنهضة
650 0 4 _aمصر - العلاقات الخارجية - العراق
942 _2ddc
_cCR
999 _c6722
_d6722